Basic considerations of modern industrial policy
Saved in:
| Format: | Book |
|---|---|
| Language: | Undetermined |
| Published: |
Eindhoven
N. V. Philips' Gloeilampenfabrieken
1970
|
| Subjects: | |
| Tags: |
Add Tag
No Tags, Be the first to tag this record!
|
| Institutions: | Trung tâm Học liệu Trường Đại học Cần Thơ |
|---|
| LEADER | 00427nam a2200145Ia 4500 | ||
|---|---|---|---|
| 001 | CTU_78496 | ||
| 008 | 210402s9999 xx 000 0 und d | ||
| 082 | |a 338.971 | ||
| 082 | |b B311 | ||
| 245 | 0 | |a Basic considerations of modern industrial policy | |
| 260 | |a Eindhoven | ||
| 260 | |b N. V. Philips' Gloeilampenfabrieken | ||
| 260 | |c 1970 | ||
| 650 | |a industrial policy | ||
| 980 | |a Trung tâm Học liệu Trường Đại học Cần Thơ | ||